<?xml version="1.0" encoding="UTF-8"?>
<record
    xmlns:xsi="http://www.w3.org/2001/XMLSchema-instance"
    xsi:schemaLocation="http://www.loc.gov/MARC21/slim http://www.loc.gov/standards/marcxml/schema/MARC21slim.xsd"
    xmlns="http://www.loc.gov/MARC21/slim">

  <leader>04024nam a2200577 a 4500</leader>
  <controlfield tag="005">20200104041755.0</controlfield>
  <controlfield tag="008">170405s2016    ck abd||r|||| 00| 0 spa d</controlfield>
  <datafield tag="020" ind1=" " ind2=" ">
    <subfield code="a">9789588889986 (impreso)</subfield>
  </datafield>
  <datafield tag="020" ind1=" " ind2=" ">
    <subfield code="a">9789588889993 (digital)</subfield>
  </datafield>
  <datafield tag="040" ind1=" " ind2=" ">
    <subfield code="a">CO-BoIAVH </subfield>
    <subfield code="c">CO-BoIAVH </subfield>
  </datafield>
  <datafield tag="041" ind1="0" ind2=" ">
    <subfield code="a">spa</subfield>
  </datafield>
  <datafield tag="044" ind1=" " ind2=" ">
    <subfield code="a">ck</subfield>
  </datafield>
  <datafield tag="082" ind1="0" ind2="4">
    <subfield code="a">597.176</subfield>
    <subfield code="b">L347r1</subfield>
  </datafield>
  <datafield tag="245" ind1="0" ind2="0">
    <subfield code="a">Rayas de agua dulce (Potamotrygonidae) de Suram&#xE9;rica </subfield>
    <subfield code="b">Parte II : Colombia, Brasil, Per&#xFA;, Bolivia, Paraguay, Uruguay y Argentina / </subfield>
    <subfield code="c">editado por Carlos A. Lasso [y otros 4]</subfield>
  </datafield>
  <datafield tag="260" ind1=" " ind2=" ">
    <subfield code="a">Bogot&#xE1; (Colombia) : </subfield>
    <subfield code="b">Instituto de Investigaci&#xF3;n de Recursos Biol&#xF3;gicos Alexander von Humboldt,</subfield>
    <subfield code="c">2016.</subfield>
  </datafield>
  <datafield tag="300" ind1=" " ind2=" ">
    <subfield code="a">434 p&#xE1;ginas : </subfield>
    <subfield code="b">ilustraciones a color, tablas, gr&#xE1;ficas y fotograf&#xED;as a color ; </subfield>
    <subfield code="c">25 x 17 cm.</subfield>
  </datafield>
  <datafield tag="490" ind1="0" ind2=" ">
    <subfield code="a">Serie recursos hidrobiol&#xF3;gicos y pesqueros continentales de Colombia ; </subfield>
    <subfield code="v">XV</subfield>
  </datafield>
  <datafield tag="504" ind1=" " ind2=" ">
    <subfield code="a">Incluye referencias bibliogr&#xE1;ficas.</subfield>
  </datafield>
  <datafield tag="505" ind1="0" ind2=" ">
    <subfield code="a">1. Ecofisiolog&#xED;a de las rayas de agua dulce (Potamotrygonidae): mecanismos de interacci&#xF3;n organismo-ambiente.</subfield>
  </datafield>
  <datafield tag="505" ind1="0" ind2=" ">
    <subfield code="a">2. Alimentaci&#xF3;n y comportamiento depredatorio de las rayas (Potamorygonidae).</subfield>
  </datafield>
  <datafield tag="505" ind1="0" ind2=" ">
    <subfield code="a">3. Par&#xE1;sitos de rayas de agua dulce (Potamotrygonidae): estado actual del conocimiento y lista de especies.</subfield>
  </datafield>
  <datafield tag="505" ind1="0" ind2=" ">
    <subfield code="a">4. Claves para la identificaci&#xF3;n de las rayas de agua dulce (Potamotrygonidae).</subfield>
  </datafield>
  <datafield tag="505" ind1="0" ind2=" ">
    <subfield code="a">5. Cat&#xE1;logo de especies.</subfield>
  </datafield>
  <datafield tag="505" ind1="0" ind2=" ">
    <subfield code="a">6. La familia Potamotrygonidae en Argentina, Paraguay y Uruguay.</subfield>
  </datafield>
  <datafield tag="505" ind1="0" ind2=" ">
    <subfield code="a">7. La raya gigante o raya boba, Potatrygon brochyura (G&#xFC;nther 1880) del r&#xED;o Paran&#xE1; medio, Argentina..</subfield>
  </datafield>
  <datafield tag="505" ind1="0" ind2=" ">
    <subfield code="a">8. Diversidad, uso y conservaci&#xF3;n de las rayas (Mylobatiformes: Potamotrygonidae).</subfield>
  </datafield>
  <datafield tag="505" ind1="0" ind2=" ">
    <subfield code="a">9. Rayas del alto Paran&#xE1;, Brasil: distribuci&#xF3;n hist&#xF3;rica y actual, y consecuencias de los procesos de colonizaci&#xF3;n el cuenca.</subfield>
  </datafield>
  <datafield tag="505" ind1="0" ind2=" ">
    <subfield code="a">10. Alimentaci&#xF3;n, percepci&#xF3;n humana y usos de Potatotrygon signata Garman, 1913 en la cuenca del r&#xED;o Parana&#xED;ba, noreste de Brasil.</subfield>
  </datafield>
  <datafield tag="505" ind1="0" ind2=" ">
    <subfield code="a">11. Biolog&#xED;a e historia natural de Potamotrygon wallacei (Carvalho, Rosa e Ara&#xFA;jo, 2016) en la cuenca de R&#xED;o Negro, Amazonia central, Brasil.</subfield>
  </datafield>
  <datafield tag="505" ind1="0" ind2=" ">
    <subfield code="a">12. Avances en el conocimiento de Potamotrygon magdalenae (Dum&#xE9;ril, 1865), raya dulceacu&#xED;cola end&#xE9;mica de Colombia.</subfield>
  </datafield>
  <datafield tag="505" ind1="0" ind2=" ">
    <subfield code="a">13. Aspectos sobre la historia natural de las rayas de agua dulce en el &#xE1;rea de influencia de los municipios de Puerto Carre&#xF1;o (Vichada) e In&#xED;rida (Guain&#xED;a), Orinoquia colombiana.</subfield>
  </datafield>
  <datafield tag="505" ind1="0" ind2=" ">
    <subfield code="a">14. Diversidad de rayas de agua dulce (Potamotrygonidae) en el r&#xED;o Amazonas colombiano: resultados preliminares.</subfield>
  </datafield>
  <datafield tag="505" ind1="0" ind2=" ">
    <subfield code="a">15. Estructura poblacional y diversidad gen&#xE9;tica de la raya Potamotrygon motoro (M&#xFC;ller y Henle, 1841) (Myliobatiformes, Potamotrygonidae) en las cuencas del Orinoco y Amazonas (Colombia)</subfield>
  </datafield>
  <datafield tag="505" ind1="0" ind2=" ">
    <subfield code="a">16. Ensayos de producci&#xF3;n en cautiverio de la raya motoro (Potamotrygon motoro M&#xFC;ller y Henle, 1841) 
(Potamotrygonidae) en la Fundaci&#xF3;n Orinoquia, Puerto Carre&#xF1;o-Vichada, Colombia.</subfield>
  </datafield>
  <datafield tag="505" ind1="0" ind2=" ">
    <subfield code="a">17. Diversidad y conservaci&#xF3;n de las rayas (Potamotrygonidae) en Loreto - Per&#xFA;: aspectos taxon&#xF3;micos, ecol&#xF3;gicos y pesqueros.</subfield>
  </datafield>
  <datafield tag="505" ind1="0" ind2=" ">
    <subfield code="a">18. Marco normativo y comercio de las rayas de agua dulce (Potamotrygonidae) en Argentina, Paraguay y Uruguay, y nuevas consideraciones sobre CITES.</subfield>
  </datafield>
  <datafield tag="650" ind1="2" ind2="6">
    <subfield code="a">Ictiolog&#xED;a</subfield>
  </datafield>
  <datafield tag="650" ind1="2" ind2="4">
    <subfield code="a">Conservaci&#xF3;n</subfield>
  </datafield>
  <datafield tag="650" ind1="2" ind2="4">
    <subfield code="a">Rayas de agua dulce</subfield>
    <subfield code="x">ecofisiolog&#xED;a</subfield>
  </datafield>
  <datafield tag="650" ind1="2" ind2="6">
    <subfield code="a">Potamotrygonidae</subfield>
    <subfield code="z">Am&#xE9;rica del Sur</subfield>
  </datafield>
  <datafield tag="650" ind1="2" ind2="4">
    <subfield code="a">Rayas</subfield>
    <subfield code="x">estado del conocimiento</subfield>
  </datafield>
  <datafield tag="650" ind1="2" ind2="6">
    <subfield code="a">Taxonom&#xED;a</subfield>
  </datafield>
  <datafield tag="651" ind1=" " ind2="6">
    <subfield code="a">Am&#xE9;rica del Sur</subfield>
  </datafield>
  <datafield tag="700" ind1="1" ind2=" ">
    <subfield code="a">Lasso, Carlos A.</subfield>
    <subfield code="e">editor</subfield>
  </datafield>
  <datafield tag="700" ind1="1" ind2=" ">
    <subfield code="a">Rosa, Ricardo</subfield>
    <subfield code="e">editor</subfield>
  </datafield>
  <datafield tag="700" ind1="1" ind2=" ">
    <subfield code="a">Morales-Betancourt, M&#xF3;nica</subfield>
    <subfield code="e">editora</subfield>
  </datafield>
  <datafield tag="700" ind1="1" ind2=" ">
    <subfield code="a">Garme-Neto, Domingos</subfield>
    <subfield code="e">editor</subfield>
  </datafield>
  <datafield tag="700" ind1="1" ind2=" ">
    <subfield code="a">Carvalho, Marcelo</subfield>
    <subfield code="e">editor</subfield>
  </datafield>
  <datafield tag="710" ind1="2" ind2=" ">
    <subfield code="a">Instituto de Investigaci&#xF3;n de Recursos Biol&#xF3;gicos Alexander von Humboldt</subfield>
  </datafield>
  <datafield tag="942" ind1=" " ind2=" ">
    <subfield code="2">ddc</subfield>
    <subfield code="c">LIBRO</subfield>
    <subfield code="0">1</subfield>
  </datafield>
  <datafield tag="999" ind1=" " ind2=" ">
    <subfield code="c">19461</subfield>
    <subfield code="d">19461</subfield>
  </datafield>
  <datafield tag="952" ind1=" " ind2=" ">
    <subfield code="0">0</subfield>
    <subfield code="1">0</subfield>
    <subfield code="2">ddc</subfield>
    <subfield code="4">0</subfield>
    <subfield code="7">0</subfield>
    <subfield code="8">HUMBOLDT</subfield>
    <subfield code="a">Bogota</subfield>
    <subfield code="b">Bogota</subfield>
    <subfield code="d">2017-04-05</subfield>
    <subfield code="l">0</subfield>
    <subfield code="o">IAVH-597.176 L347r1</subfield>
    <subfield code="p">041153</subfield>
    <subfield code="r">2017-04-05 00:00:00</subfield>
    <subfield code="t">Ej. 1</subfield>
    <subfield code="w">2017-04-05</subfield>
    <subfield code="x">Institucional</subfield>
    <subfield code="y">LIBRO</subfield>
  </datafield>
  <datafield tag="952" ind1=" " ind2=" ">
    <subfield code="0">0</subfield>
    <subfield code="1">0</subfield>
    <subfield code="2">ddc</subfield>
    <subfield code="4">0</subfield>
    <subfield code="7">0</subfield>
    <subfield code="8">HUMBOLDT</subfield>
    <subfield code="I">INV2017</subfield>
    <subfield code="a">Venado</subfield>
    <subfield code="b">Venado</subfield>
    <subfield code="d">2017-04-05</subfield>
    <subfield code="e">Instituto</subfield>
    <subfield code="g">39000.00</subfield>
    <subfield code="l">1</subfield>
    <subfield code="o">IAVH-597.176 L347r1</subfield>
    <subfield code="p">041154</subfield>
    <subfield code="r">2017-09-22 00:00:00</subfield>
    <subfield code="s">2017-09-22</subfield>
    <subfield code="t">Ej. 2</subfield>
    <subfield code="w">2017-04-05</subfield>
    <subfield code="x">Institucional</subfield>
    <subfield code="y">LIBRO</subfield>
  </datafield>
  <datafield tag="952" ind1=" " ind2=" ">
    <subfield code="0">0</subfield>
    <subfield code="1">0</subfield>
    <subfield code="2">ddc</subfield>
    <subfield code="4">0</subfield>
    <subfield code="7">0</subfield>
    <subfield code="8">HUMBOLDT</subfield>
    <subfield code="I">INV2017</subfield>
    <subfield code="a">Villa</subfield>
    <subfield code="b">Villa</subfield>
    <subfield code="d">2017-08-30</subfield>
    <subfield code="e">Instituto</subfield>
    <subfield code="g">39000.00</subfield>
    <subfield code="l">0</subfield>
    <subfield code="o">IAVH-597.176 L347r1</subfield>
    <subfield code="p">042814</subfield>
    <subfield code="r">2017-08-30 00:00:00</subfield>
    <subfield code="t">Ej. 3</subfield>
    <subfield code="w">2017-08-30</subfield>
    <subfield code="x">Institucional</subfield>
    <subfield code="y">LIBRO</subfield>
  </datafield>
</record>
